<?xml version="1.0" encoding="UTF-8"?>
<record
    xmlns:xsi="http://www.w3.org/2001/XMLSchema-instance"
    xsi:schemaLocation="http://www.loc.gov/MARC21/slim http://www.loc.gov/standards/marcxml/schema/MARC21slim.xsd"
    xmlns="http://www.loc.gov/MARC21/slim">

  <leader>01772nam a2200289uu 4500</leader>
  <controlfield tag="001">1346989</controlfield>
  <controlfield tag="005">20260508084448.0</controlfield>
  <controlfield tag="007">co|||||||</controlfield>
  <controlfield tag="008">131016s2012                        spa  </controlfield>
  <datafield tag="035" ind1=" " ind2=" ">
    <subfield code="a">1346989</subfield>
  </datafield>
  <datafield tag="040" ind1=" " ind2=" ">
    <subfield code="c">comduadb</subfield>
  </datafield>
  <datafield tag="041" ind1=" " ind2=" ">
    <subfield code="a">spa</subfield>
  </datafield>
  <datafield tag="080" ind1=" " ind2=" ">
    <subfield code="a">JC</subfield>
  </datafield>
  <datafield tag="100" ind1="1" ind2="0">
    <subfield code="a">Posada Velasquez, Luis Fernando</subfield>
    <subfield code="4">aut</subfield>
    <subfield code="e">aut</subfield>
    <subfield code="9">669126</subfield>
  </datafield>
  <datafield tag="245" ind1="1" ind2="0">
    <subfield code="a">Trabajos pr&#xE1;cticos de laboratorio : reflexiones sobre su implementaci&#xF3;n en el contexto escolar.</subfield>
  </datafield>
  <datafield tag="260" ind1=" " ind2=" ">
    <subfield code="a">Medell&#xED;n :</subfield>
    <subfield code="b">[sin publicador],</subfield>
    <subfield code="c">2012.</subfield>
  </datafield>
  <datafield tag="300" ind1=" " ind2=" ">
    <subfield code="a">1 CD-ROM</subfield>
  </datafield>
  <datafield tag="520" ind1="3" ind2=" ">
    <subfield code="a">Se presenta una reflexi&#xF3;n y el an&#xE1;lisis de la implementaci&#xF3;n de los trabajos pr&#xE1;cticos de laboratorio en f&#xED;sica en el contexto escolar, desarrollado a partir de los resultados de investigaciones propias. En el trabajo de campo se pretende que los docentes del &#xE1;rea de f&#xED;sica describan y analicen las actividades pr&#xE1;cticas de laboratorio que realizan en la instituci&#xF3;n educativa, con el fin de evidenciar las caracter&#xED;sticas que las constituyen  y las implicaciones que las mismas tienen en el proceso de formaci&#xF3;n del estudiante. La metodolog&#xED;a utilizada para dicha investigaci&#xF3;n es cualitativo-descriptiva. Los resultados obtenidos evidencian la falta de apropiaci&#xF3;n de trabajos pr&#xE1;cticos  de car&#xE1;cter investigativo.</subfield>
  </datafield>
  <datafield tag="650" ind1=" " ind2=" ">
    <subfield code="a">Ciencias experimentales</subfield>
    <subfield code="9">108891</subfield>
  </datafield>
  <datafield tag="650" ind1=" " ind2=" ">
    <subfield code="a">Laboratorios de f&#xED;sica</subfield>
    <subfield code="9">53336</subfield>
  </datafield>
  <datafield tag="650" ind1=" " ind2=" ">
    <subfield code="a">Licenciatura en Educaci&#xF3;n</subfield>
    <subfield code="9">181088</subfield>
  </datafield>
  <datafield tag="650" ind1=" " ind2="7">
    <subfield code="a">F&#xED;sica</subfield>
    <subfield code="x">Ense&#xF1;anza</subfield>
    <subfield code="2">lemb</subfield>
    <subfield code="9">7174</subfield>
  </datafield>
  <datafield tag="700" ind1="1" ind2="0">
    <subfield code="a">Renter&#xED;a Rodr&#xED;guez, Edilma</subfield>
    <subfield code="4">ths</subfield>
    <subfield code="e">ths</subfield>
    <subfield code="9">658673</subfield>
  </datafield>
  <datafield tag="856" ind1="4" ind2=" ">
    <subfield code="u">http://ayura.udea.edu.co:8080/jspui/handle/123456789/1782</subfield>
  </datafield>
  <datafield tag="942" ind1=" " ind2=" ">
    <subfield code="c">TESIS</subfield>
  </datafield>
  <datafield tag="999" ind1=" " ind2=" ">
    <subfield code="c">664218</subfield>
    <subfield code="d">664218</subfield>
  </datafield>
  <datafield tag="500" ind1=" " ind2=" ">
    <subfield code="a">Tesis (Licenciatura en Matem&#xE1;ticas y F&#xED;sica). Universidad de Antioquia. Facultad de Educacion - T&#xED;tulo del grado otorgado</subfield>
  </datafield>
  <datafield tag="952" ind1=" " ind2=" ">
    <subfield code="0">0</subfield>
    <subfield code="1">0</subfield>
    <subfield code="4">0</subfield>
    <subfield code="7">0</subfield>
    <subfield code="8">DIGITAL</subfield>
    <subfield code="a">CEDED</subfield>
    <subfield code="b">CEDED</subfield>
    <subfield code="d">2013-10-16</subfield>
    <subfield code="i">C1189430</subfield>
    <subfield code="l">0</subfield>
    <subfield code="o">JC/0930</subfield>
    <subfield code="p">0599422</subfield>
    <subfield code="r">2023-05-02 00:00:00</subfield>
    <subfield code="t">1</subfield>
    <subfield code="w">2023-05-02</subfield>
    <subfield code="y">DIGITAL</subfield>
  </datafield>
</record>
